| 000 | 00826nam a2200229 a 4500 | ||
|---|---|---|---|
| 001 | 4154 | ||
| 003 | CDMR | ||
| 005 | 20151016124801.0 | ||
| 008 | 130130s2000||||||||||||||||||||||||||||d | ||
| 020 | _a8493038431 | ||
| 040 |
_aCDMR _bcat _cCPC GIRONA |
||
| 245 | 0 | 0 |
_aBits o paper _b: les conclusions del 1er. congrés de la publicació electrónica _cedició i recopilació de textos: Silvia Llombart |
| 260 |
_bDiputació de Barcelona _aBarcelona |
||
| 260 |
_c2000 _bCol·legi de Periodistes de Catalunya |
||
| 490 | 0 |
_aOnes i bits _v2 |
|
| 650 | 0 | 4 |
_93185 _aEdició electrònica |
| 650 | 0 | 4 |
_93188 _aPremsa digital |
| 700 | 1 |
_94000 _aLlombart, Silvia |
|
| 711 |
_93449 _aCongrés Internacional de la Publicació Electrònica _cBarcelona _d1998 _n1r |
||
| 710 | 2 |
_9133 _aCol·legi de Periodistes de Catalunya |
|
| 942 |
_cMON _2udc |
||
| 999 |
_c4154 _d4154 |
||